| 000 | 01012cam a22002771 4500 | ||
|---|---|---|---|
| 001 | 000017966 | ||
| 005 | 20200929165310.0 | ||
| 008 | 730208s1960 maua 000 0 eng | ||
| 010 | _a60004027 | ||
| 040 |
_aDO-SdBNP _cDLC _dDLC |
||
| 043 | _an-us-al | ||
| 050 | 0 | 0 |
_aF326 _b.A17 1960 |
| 100 | 1 |
_aAgee, James, _d1909-1955. _911051 |
|
| 245 | 1 | 0 |
_aLet us now praise famous men; : _bthree tenant families / _c[by] James Agee [and] Walker Evans. |
| 260 |
_aBoston, : _bHoughton Mifflin, _c[1960]. |
||
| 300 |
_axxii, 471 p. : _billus. ; _c22 cm. |
||
| 651 | 0 |
_aAlabama _xRural Conditions. _938952 |
|
| 650 | 0 |
_aCotton farmers _zAlabama _xHistory _y20th century. _938953 |
|
| 600 | 1 | 0 |
_aAgee, James, _d1909-1955 _xTravel _zAlabama. _938954 |
| 651 | 0 |
_aAlabama _xDescription And Travel. _938955 |
|
| 650 | 0 |
_aFarm tenancy _zAlabama _xHistory _y20th century. _938956 |
|
| 700 | 1 |
_aEvans, Walker, _d1903-1975 _ejoint author. _938957 |
|
| 740 | 0 | _aThree tenant families. | |
| 910 | _aCatalogación derivada | ||
| 082 | 0 | 0 | _a917.61 |
| 999 |
_c17490 _d17490 |
||